Normal view
MARC view
- World War, 1939-1945
Entry Topical Term
001 - CONTROL NUMBER
- control field: 153593
003 - CONTROL NUMBER IDENTIFIER
- control field: TR-AnTOB
005 - DATE AND TIME OF LATEST TRANSACTION
- control field: 20260413133540.0
008 - FIXED-LENGTH DATA ELEMENTS
- fixed length control field: 260413n|eazannbab| |n aaa d
010 ## - LIBRARY OF CONGRESS CONTROL NUMBER
- LC control number: sh2010119717
035 ## - SYSTEM CONTROL NUMBER
- System control number: (DLC)489500
035 ## - SYSTEM CONTROL NUMBER
- System control number: (TR-AnTOB)153593
040 ## - CATALOGING SOURCE
- Original cataloging agency: DLC
- Language of cataloging: eng
- Transcribing agency: DLC
- Modifying agency: TR-AnTOB
150 ## - HEADING--TOPICAL TERM
- Topical term or geographic name entry element: World War, 1939-1945
- General subdivision: Prisoners and prisons, Japanese
- Form subdivision: Fiction
450 ## - SEE FROM TRACING--TOPICAL TERM
- Topical term or geographic name entry element: Dünya Savaşı, 1939-1945
- Form subdivision: Mahkumlar ve cezaevleri, Japon
- Control subfield: Roman
450 ## - SEE FROM TRACING--TOPICAL TERM
- Topical term or geographic name entry element: Dünya Savaşı, 1939-1945
- General subdivision: Esirler ve hapishaneler, Japon
- Form subdivision: Roman
450 ## - SEE FROM TRACING--TOPICAL TERM
- Topical term or geographic name entry element: Dünya Savaşı, 1939-1945
- General subdivision: Hükümlüler ve cezaevleri, Japon
- Form subdivision: Roman
670 ## - SOURCE DATA FOUND
- Source citation: Work cat.: Neutral war, c2003
688 ## - APPLICATION HISTORY NOTE
- Institution to which field applies: TR-AnTOB
- Application history note: Op 13.04.2026
750 ## - ESTABLISHED HEADING LINKING ENTRY--TOPICAL TERM
- Authority record control number or standard number: https://lccn.loc.gov/sh2010119717
- Source of heading or term: lcsh



